| 000 | 00843nam a2200229 a 4500 | ||
|---|---|---|---|
| 001 | 62024 | ||
| 003 | BD-RjUL | ||
| 005 | 20211209081033.0 | ||
| 008 | 170122s1991 bg ||||| |||| 00| 0 ben d | ||
| 020 |
_c: TK 55.00 _a9840725017 |
||
| 035 | _a(BD-RjUL)62149 | ||
| 040 |
_aBD-RjUL _bben _cBD-RjUL |
||
| 041 | _aben | ||
| 082 |
_223 _a410.9 _bMUB 1991 |
||
| 100 |
_a মুসা, মনসুর _9170404 |
||
| 245 | 1 | 0 |
_aভাষাচিন্তা প্রসঙ্গ ও পরিধি / _cমনসুর মুসা |
| 260 |
_aঢাকা : _bবাংলা একাডেমী, _c১৯৯১ |
||
| 300 |
_a১৭৬ পৃ. ; _c২১ সেমি. |
||
| 650 |
_aভাষা _xইতিহাস ও সমালোচনা _9184540 |
||
| 650 |
_aLinguistics _xHistory & criticism _9184541 |
||
| 942 |
_2ddc _cBK |
||
| 999 |
_c62024 _d62024 |
||